Bài giảng Khoa học môi trường

Bài giảng gồm 6 chương giới thiệu trái đất, sinh quyển và cấu trúc và chức năng của hệ sinh thái,...

সংরক্ষণ করুন:
গ্রন্থ-পঞ্জীর বিবরন
প্রধান লেখক: Seto, Masayuki
বিন্যাস: গ্রন্থ
ভাষা:Undetermined
প্রকাশিত: Cần Thơ JICA 2002
বিষয়গুলি:
ট্যাগগুলো: ট্যাগ যুক্ত করুন
কোনো ট্যাগ নেই, প্রথমজন হিসাবে ট্যাগ করুন!
Thư viện lưu trữ: Trung tâm Học liệu Trường Đại học Cần Thơ
LEADER 00763nam a2200205Ia 4500
001 CTU_50442
008 210402s9999 xx 000 0 und d
082 |a 577 
082 |b S495 
100 |a Seto, Masayuki 
245 0 |a Bài giảng Khoa học môi trường 
245 0 |c Masayuki Seto, Nguyễn Hữu Chiếm, Bùi Thị Mai Phụng 
260 |a Cần Thơ 
260 |b JICA 
260 |c 2002 
520 |a Bài giảng gồm 6 chương giới thiệu trái đất, sinh quyển và cấu trúc và chức năng của hệ sinh thái,... 
650 |a Environmental science,Agriculture 
650 |x Environmental aspetcs 
904 |i Trọng Hải 
980 |a Trung tâm Học liệu Trường Đại học Cần Thơ